000 00994nam a22003137a 4500
003 CHAP
005 20220329141734.0
008 971013s1947 r 00010 d
010 _a73113
011 _a74085
035 _a83643
040 _cCHAP
082 _a547
_bG37 1947
100 0 0 _aGarcía Junco, M.
_946165
245 _aCompendio de química orgánica
260 _aMéxico, D.F. :
_bPorrúa,
_c1947
300 _a319 p.
590 _aBATCH-UPD
_b10
_c20130110
_lUCH01
_h0409
590 _aBATCH-UPD
_b10
_c20130110
_lUCH01
_h2052
590 _aBATCH-UPD
_b10
_c20130410
_lUCH01
_h0043
590 _aBATCH-UPD
_b10
_c20130914
_lUCH01
_h1529
590 _aCONVERSION
_b10
_c20130109
_lUCH01
_h1340
650 1 4 _aQuímica orgánica.
_993598
901 _aBK
942 _cLIBRO
949 _a547 G37 1947
_bBC
_cBPA
_d33724000391165
_eBPA
_fc.3
_i83643
_si
949 _a547 G37 1947
_bBC
_cBPA
_d33724000391181
_eBPA
_i83643
_si
949 _a547 G37 1947
_bBC
_cLIBRO
_d-38321
_eLIBRO
_fc.2
_i83643
_si
999 _c73113
_d73113